Verdades en cuentos : (Record no. 197900)
[ view plain ]
| 000 -LEADER | |
|---|---|
| campo de control de longitud fija | 01958nam a2200313 i 4500 |
| 001 - NÚMERO DE CONTROL | |
| campo de control | 197900 |
| 003 - IDENTIFICADOR DE NÚMERO DE CONTROL | |
| campo de control | ES-MaACL |
| 005 - FECHA Y HORA DE LA ÚLTIMA TRANSACCIÓN | |
| campo de control | 20251103145142.0 |
| 008 - DATOS DE LONGITUD FIJA--INFORMACIÓN GENERAL | |
| campo de control de longitud fija | 250611e1949 sp a|||| |||| 001 1 spa d |
| 040 ## - FUENTE DE CATALOGACIÓN | |
| Centro catalogador/agencia de origen | ES-MaACL |
| Lengua de catalogación | spa |
| Centro/agencia transcriptor | ES-MaACL |
| Normas de descripción | rda |
| 080 ## - NÚMERO DE LA CLASIFICACIÓN DECIMAL UNIVERSAL | |
| Número de la Clasificación Decimal Universal | 821.134.2-34"19" |
| 100 1# - ENTRADA PRINCIPAL--NOMBRE DE PERSONA | |
| 9 (RLIN) | 114818 |
| Nombre de persona | Vilariño, Remigio, |
| Fechas asociadas al nombre | 1865-1939 |
| Término indicativo de función/relación | Autor |
| 245 10 - MENCIÓN DEL TÍTULO | |
| Título | Verdades en cuentos : |
| Resto del título | (segunda serie) / |
| Mención de responsabilidad, etc. | cuentos antiguos del P. Remigio Vilariño, S.I., ordenados y editados por MAR |
| 264 #1 - PRODUCCIÓN, PUBLICACIÓN, DISTRIBUCIÓN, FABRICACIÓN Y COPYRIGHT | |
| Producción, publicación, distribución, fabricación y copyright | Bilbao : |
| Nombre del de productor, editor, distribuidor, fabricante | El Mensajero del Corazón de Jesús, |
| Fecha de producción, publicación, distribución, fabricación o copyright | 1949 |
| 300 ## - DESCRIPCIÓN FÍSICA | |
| Extensión | 64 páginas : |
| Otras características físicas | ilustraciones ; |
| Dimensiones | 17 cm. |
| 336 ## - TIPO DE CONTENIDO | |
| Fuente | rdacontent |
| Término de tipo de contenido | texto |
| 337 ## - TIPO DE MEDIO | |
| Fuente | rdamedia |
| Nombre/término del tipo de medio | sin mediación |
| 338 ## - TIPO DE SOPORTE | |
| Fuente | rdacarrier |
| Nombre/término del tipo de soporte | volumen |
| 490 0# - MENCIÓN DE SERIE | |
| Mención de serie | De broma y de veras ; |
| Designación de volumen o secuencia | número 437 |
| 500 ## - NOTA GENERAL | |
| Nota general | Índice |
| 505 0# - NOTA DE CONTENIDO CON FORMATO | |
| Nota de contenido con formato | No seas precipitado ; Caídas que se ven ; ¿Por qué no toleras en otros lo que toleras en ti? ; El mejor discurso parlamentario ; El arte de ponerse las botas ; El artículo 421 ; Por qué hay tantos hombres brutos ; ¡Qué bueno es tener a quien echar la culpa! ; Los encubridores ; El capitán rompe y rasga ; Cuidado con los contagios ; Dios existe ; La bandera roja ; Los que se las echan de valientes ; Yo no miento ; De aquí no pasarás ; Los que roncan y echan broncas ; Por lo que veo llega... ; ¡Si no sabes con quien hablas, ten cuidado en tus palabras! ; ¡Cuidado con falsificar! ; La educación ; El alcalde de Tripetea ; La tea amenazante ; La tortilla del incrédulo ; El cencerro de la conciencia ; Sí, pero no estoy satisfecho ; Ramón El Bravo ; Temores tontos ; Con la medida con que midas serás medido |
| 655 #4 - TERMINO DE INDIZACIÓN--GENERO/FORMA | |
| 9 (RLIN) | 226829 |
| Datos o término principal de género/forma | Cuentos |
| 852 ## - LOCALIZACIÓN | |
| Ubicación | ES-MaACL |
| Ubicación en estantería | Depósito 1 |
| Número de control de estantería | A-15601(1) |
| Donativo/Legado | Donación: José Lázaro García |
| Encuadernación | Holandesa |
| itemnumber | 206865 |
| 903 ## - NOMBRE PERSONAL DE DONANTE | |
| 9 | 234219 |
| a | Lázaro García, José |
| e | Donante |
| 942 ## - ELEMENTOS DE ENTRADA SECUNDARIOS (KOHA) | |
| Suprimir en OPAC | No |
| Tipo de ítem Koha | Libro impreso |
| Estatus retirado | Estado de pérdida | Fuente del sistema de clasificación o colocación | Estado de daño | No para préstamo | Biblioteca de origen | Biblioteca actual | Ubicación en estantería | Fecha de adquisición | Fuente de adquisición | Total de préstamos | Signatura topográfica completa | Código de barras | Visto por última vez | Precio de reemplazo | Tipo de ítem Koha |
|---|---|---|---|---|---|---|---|---|---|---|---|---|---|---|---|
| Clasificación decimal universal | Biblioteca del Ateneo de Madrid | Biblioteca del Ateneo de Madrid | Depósito 1 | 27/05/2025 | Donación | A-15601(1) | 2025-1230 | 28/10/2025 | 28/10/2025 | Libro impreso |
